000 00997namaa2200301 a 4500
001 vtls001303896
003 NLI
005 20210627043902.0
008 120418s1979 dcu i000 0 eng
039 9 _y201204181930
_zVLOAD
040 0 _aNLI
_cVTLS-2012_FOD
_eAACR2
041 0 _aeng
044 _adcu
082 0 4 _a557.3
100 1 _aHart, D. L.
_9725357
245 1 0 _aGround water in the vicinity of capulin New Mexico /
_cD. L. Har and Cheistian Smith
260 _aWashington, D.C. :
_bUnited States Government Printing Office,
_c1979
300 _avi, 58 p. ;
_c30 cm.
440 0 _aU.S. Geological Survey Water-Resources Investigations;
_v79-79
_9725358
650 0 _aGeology
_zUnited States
_9710642
650 0 _aGeological surveys
_zUnited States
_9721963
700 1 _aSmith,Cheistian ,
_4jt. aut
_9725359
887 _a
901 _aAD 13628
_b23.10.2010
902 _aU.S 557.3 H 252
949 _AVIRTUAITEM
_D10000
_X100
_6ADX00013628ENG
942 _2ddc
_cBKS
999 _aVIRTUA40
_c596132
_d596132